Drogová závislosť ako sociálno-patologický jav bakalárska práca

Salvato in:
Dettagli Bibliografici
Autore principale: Orbán, Martin
Ente Autore: Národohospodárska fakulta EU. Katedra sociálneho rozvoja a práce
Altri autori: Poláčiková, Zuzana
Natura: Libro
Lingua:slovacco
Pubblicazione: Bratislava 2011
Tags: Aggiungi Tag
Nessun Tag, puoi essere il primo ad aggiungerne!!

MARC

LEADER 00000nbm a2200000 4500
001 0139790
005 20161109111646.6
041 0 |a slo 
044 |a SK 
245 1 0 |a Drogová závislosť ako sociálno-patologický jav  |b bakalárska práca  |c Martin Orbán ; školiteľ: Zuzana Poláčiková 
264 1 |a Bratislava  |c 2011 
300 |a 55 s. 
100 1 |a Orbán, Martin 
700 1 |a Poláčiková, Zuzana 
710 2 |a Národohospodárska fakulta EU. Katedra sociálneho rozvoja a práce